Wszyscy Zwycięzcy Pucharu Króla - Statystyki

Ogólne statystyki
  • Ten quiz został rozwiązany 40 razy
  • Średni wynik to 8 z 14
Statystyki odpowiedzi
Hint Odpowiedź % Poprawnych
20 Real Madryt
100%
32 Barcelona
94%
10 Atletico Madryt
92%
24 Athletic Bilbao
81%
5 Sevilla
78%
8 Valencia
78%
3 Real Betis
67%
3 Real Sociedad
67%
2 Deportivo La Coruna
50%
1 Mallorca
50%
4 Espanyol
31%
6 Real Saragossa
28%
1 Arenas Getxo
0%
4 Real Union Irun
0%
Nie znaleziono quizów pasujących do podanych kryteriów
Rozkład punktacji
Procent ludzi z każdym wynikiem
Percentyl według liczby udzielonych odpowiedzi
Twoja historia wyników
Nie rozwiązałeś tego quizu